الأمثال العربية الشائعة / (رقم التسجيلة. 92586)

تفاصيل مارك
000 -الفاتح
عناصر البيانات ثابتة الطول 00660cam a2200205 i 4500
005 - تاريخ ووقت آخر معاملة
حقل ضبط 20260204120606.0
008 - عناصر البيانات ثابتة الطول
عناصر البيانات ثابتة الطول 250721s2001 jo gr 000 0 ara d
020 ## - الترقيم الدولي المعياري للكتب (ردمك)
الترقيم الدولي المعياري للكتب (ردمك) 9957851704
082 14 - رقم تصنيف ديوي العشري
رقم التصنيف 398.91
رقم المادة خ ط ا
100 1# - مدخل رئيسي – اسم شخصي
الاسم الشخصي خطاب، هشام
علاقة الشخص بالعمل/ دوره معد.
245 12 - بيان العنوان
العنوان الأمثال العربية الشائعة /
بيان المسؤولية إعداد هشام خطاب.
250 ## - بيان الطبعة
بيان الطبعة الطبعة الأولى.
264 31 - بيانات النشر، التوزيع…إلخ
مكان النشر، التوزيع...إلخ عمان :
اسم الناشر، الموزع...إلخ دار عالم الثقافة،
تاريخ النشر، التوزيع...إلخ 2001.
300 ## - الوصف المادي
عدد الوحدات المكونة للوعاء 88 صفحة.
650 17 - مدخل إضافي بالموضوع - مصطلح موضوعي
مصطلح موضوعي أو اسم جغرافي كعنصر مدخل الأمثال.
650 17 - مدخل إضافي بالموضوع - مصطلح موضوعي
مصطلح موضوعي أو اسم جغرافي كعنصر مدخل الأدب العربي.
650 17 - مدخل إضافي بالموضوع - مصطلح موضوعي
مصطلح موضوعي أو اسم جغرافي كعنصر مدخل الأدب الشعبي.
942 ## - بيانات إضافية (كوها)
نوع التنصيف Dewey Decimal Classification
نوع المادة (كوها) كتب
المقتنيات
حالة السحب حالة الفقدان مصدر التصنيف حالة التلف غير قابل للإعارة المكتبة الرئيسية المكتبة الحالية موقع الرف تاريخ التزويد الرقم المتسلسل Total Checkouts رقم الإستدعاء الباركود تاريخ آخر ظهور تاريخ الفاتورة نوع المادة (كوها) العملة
Withdrawn   Dewey Decimal Classification     المكتبة المركزية المكتبة المركزية الإعارة 28/07/2025 396302   398.91/خطا 396302 28/07/2025 28/07/2025 كتب  
    Dewey Decimal Classification     المكتبة المركزية المكتبة المركزية الإعارة 04/02/2026 396299   398.91 / خ ط ا 396299 04/02/2026 04/02/2026 كتب JOD
    Dewey Decimal Classification     مكتبة أم قصير والمقابلين العامة مكتبة أم قصير والمقابلين العامة الإعارة 22/08/2014 396221 ]]]   398.91/خطا PLD00341206 28/07/2025 22/08/2014 كتب  
    Dewey Decimal Classification     مكتبة الأميرة ايمان العامة مكتبة الأميرة ايمان العامة الإعارة 02/12/2013 396313   398.91/خطا PLD00288747 28/07/2025 02/12/2013 كتب  
    Dewey Decimal Classification     مكتبة الجويدة مكتبة الجويدة الإعارة 28/08/2015 396317   398.91/خطا PLD00343798 28/07/2025 28/08/2015 كتب  
    Dewey Decimal Classification     مكتبة حمزة العامة مكتبة حمزة العامة الإعارة 02/04/1980 396319   398.91/خطا PLD00363266 28/07/2025 02/04/1980 كتب  
    Dewey Decimal Classification     مكتبة صويلح العامة مكتبة صويلح العامة الإعارة 13/05/2019 396314   398.91/خطا PLD00452856 28/07/2025 13/05/2019 كتب  
Implemented & Customized by: BBB with SCIT (Smart Chains for Information Technology)

Powered by Koha